LIBRARY & INFORMATION CENTRE, KCAET, TAVANUR

ONLINE PUBLIC ACCESS CATALOGUE (OPAC)

How to crack test of reasoning in all competitive Exams (Record no. 13845)

MARC details
000 -LEADER
fixed length control field 00326nam a22001337a 4500
020 ## - INTERNATIONAL STANDARD BOOK NUMBER
ISBN 9788183487603
082 ## - DEWEY DECIMAL CLASSIFICATION NUMBER
Classification number 028.702 JAI/HO
100 ## - MAIN ENTRY--AUTHOR NAME
Personal name Jai Kishan
100 ## - MAIN ENTRY--AUTHOR NAME
Personal name Premkishan
245 ## - TITLE STATEMENT
Title How to crack test of reasoning in all competitive Exams
260 ## - PUBLICATION, DISTRIBUTION, ETC. (IMPRINT)
Place of publication Meerut
Name of publisher Arihant publications
300 ## - PHYSICAL DESCRIPTION
Number of Pages 374
942 ## - ADDED ENTRY ELEMENTS (KOHA)
Koha item type Books
Holdings
Withdrawn status Lost status Damaged status Collection code Home library Current library Shelving location Date acquired Source of acquisition Cost, normal purchase price Full call number Accession Number Koha item type
      Non-fiction KAUAET KAUAET General Stacks 31/03/2012 Penta Books,Calicut 165.00 028.702 JAI/HO 23473 Books
free website counter